[Event "BCF-ch U12"]
[Site "Hull"]
[Date "2024.08.02"]
[Round "6"]
[White "Waller, Nathanael"]
[Black "Calvert, William"]
[Result "1-0"]
[WhiteElo "964"]
[BlackElo "778"]
[PlyCount "77"]
[EventDate "2024.07.28"]
[EventType "swiss"]
[EventRounds "7"]
[EventCountry "ENG"]
[SourceTitle "EXT 2025"]
[Source "ChessBase"]
[SourceDate "2024.10.14"]
[SourceVersion "1"]
[SourceVersionDate "2024.10.14"]
[SourceQuality "1"]

1. e4 e5 2. Nf3 Nc6 3. Bc4 Bc5 4. d3 Nf6 5. Bg5 h6 6. Bh4 d6 7. h3 b6 8. Nc3 Bb7 9. Nd5 g5 10. Bg3 Nxd5 11. Bxd5 Na5 12. Bxb7 Nxb7 13. c3 Qf6 14. d4 exd4 15. Qa4+ Kd8 16. cxd4 h5 17. dxc5 g4 18. Bh4 Qxh4 19. Nxh4 Nxc5 20. Qd4 Re8 21. f3 gxf3 22. gxf3 Ne6 23. Qf6+ Kd7 24. Qxf7+ Re7 25. Qxh5 Rg8 26. Kf2 Ng7 27. Qg4+ Kd8 28. Nf5 Ree8 29. Nxg7 Re7 30. Ne6+ Rxe6 31. Qxg8+ Kd7 32. Rhg1 Re8 33. Rg7+ Kd8 34. Qxe8+ Kxe8 35. Rc1 Kf8 36. Rcxc7 d5 37. Rh7 Kg8 38. Rhd7 dxe4 39. Rd8# 1-0

[Event "BCF-ch U12"]
[Site "Hull"]
[Date "2024.07.29"]
[Round "2"]
[White "Waller, Nathanael"]
[Black "Yeung, Jia Arn"]
[Result "1-0"]
[WhiteElo "964"]
[BlackElo "1255"]
[PlyCount "155"]
[EventDate "2024.07.28"]
[EventType "swiss"]
[EventRounds "7"]
[EventCountry "ENG"]
[SourceTitle "EXT 2025"]
[Source "ChessBase"]
[SourceDate "2024.10.14"]
[SourceVersion "1"]
[SourceVersionDate "2024.10.14"]
[SourceQuality "1"]

1. e4 c6 2. d4 d5 3. exd5 cxd5 4. Nf3 Bg4 5. Bb5+ Nc6 6. 0-0 Nf6 7. Nc3 e6 8. h3 Bh5 9. Bf4 Bd6 10. Bg5 h6 11. Bh4 0-0 12. Re1 a6 13. Ba4 Qb6 14. Bxc6 bxc6 15. b3 Bb4 16. Re3 Be7 17. Qd3 Rfc8 18. Ne5 Qd8 19. Ree1 Nd7 20. Bxe7 Qxe7 21. Nxd7 Qxd7 22. Na4 Bg6 23. Nc5 Qc7 24. Qe2 Qa7 25. c3 Re8 26. Nd3 Bxd3 27. Qxd3 c5 28. dxc5 Qxc5 29. Re5 Qc7 30. Re2 Rec8 31. Rc1 a5 32. Rec2 Rd8 33. c4 dxc4 34. Qxc4 Qxc4 35. Rxc4 Rd7 36. Kf1 Rda7 37. Ke2 a4 38. Rc8+ Rxc8 39. Rxc8+ Kh7 40. Rc2 axb3 41. axb3 Rb7 42. Rb2 Rb4 43. f3 g5 44. Kd3 f5 45. Kc3 Rb6 46. b4 Kg6 47. b5 e5 48. Kc4 Kf6 49. Kc5 Rb8 50. b6 e4 51. fxe4 fxe4 52. b7 e3 53. Kc6 Re8 54. b8Q Re6+ 55. Qd6 Rxd6+ 56. Kxd6 Kf5 57. Ke7 g4 58. Rb5+ Kf4 59. Rb4+ Kg3 60. Rxg4+ Kf2 61. Re4 e2 62. g4 e1Q 63. Rxe1 Kxe1 64. Kf6 Kf2 65. Kg6 Kg3 66. Kxh6 Kh4 67. g5 Kxh3 68. g6 Kg3 69. g7 Kf4 70. g8Q Ke5 71. Qc4 Kd6 72. Qb5 Ke6 73. Qc5 Kd7 74. Qb6 Ke7 75. Qc6 Kf7 76. Qd6 Ke8 77. Qc7 Kf8 78. Qd7 1-0